[Event "Mitropa Cup"]
[Site "Apolda"]
[Date "2024.02.21"]
[Round "7.9"]
[White "Moroni, Luca Jr"]
[Black "Sahidi, Samir"]
[Result "1-0"]
[WhiteElo "2601"]
[BlackElo "2479"]
[PlyCount "99"]
[EventDate "2024.02.15"]
[EventType "team-tourn"]
[EventRounds "9"]
[EventCountry "GER"]
[SourceTitle "CB09_2024"]
[SourceDate "2024.02.28"]
[SourceVersion "1"]
[SourceVersionDate "2024.02.28"]
[SourceQuality "1"]
[WhiteTeam "Italy"]
[BlackTeam "Slovakia"]
[WhiteTeamCountry "ITA"]
[BlackTeamCountry "SVK"]

1. d4 Nf6 2. Nf3 e6 3. Bf4 b6 4. e3 Bb7 5. h3 Be7 6. Nbd2 0-0 7. Bd3 d5 8. 0-0 c5 9. c3 Nc6 10. Qe2 Bd6 11. Bxd6 Qxd6 12. dxc5 bxc5 13. e4 Ne5 14. Nxe5 Qxe5 15. f4 Qc7 16. e5 Nd7 17. Nf3 Rfe8 18. Rae1 Nf8 19. h4 Qb6 20. Rf2 a5 21. Bb1 d4 22. c4 Bxf3 23. Qxf3 Qb4 24. Rc1 a4 25. Be4 Ra7 26. a3 Qb8 27. h5 Qc7 28. Bc6 Rd8 29. Bb5 g6 30. Re1 Kg7 31. Qd3 Qe7 32. g3 gxh5 33. Rh2 h4 34. Rxh4 Ng6 35. Rh5 h6 36. Kf2 Rb7 37. Reh1 Rh8 38. Ke1 Qc7 39. R1h2 Ne7 40. g4 Qa5+ 41. Kd1 Rxb5 42. cxb5 Nd5 43. f5 Ne3+ 44. Ke2 exf5 45. gxf5 Qa8 46. R5h3 h5 47. f6+ Kf8 48. Rxe3 dxe3 49. e6 Qb8 50. Rg2 1-0

[Event "EU-ch Rapid"]
[Site "Zagreb"]
[Date "2023.12.15"]
[Round "10"]
[White "Sahidi, Samir"]
[Black "Papasimakopoulos, Alexandros"]
[Result "0-1"]
[WhiteElo "2476"]
[BlackElo "2392"]
[PlyCount "122"]
[EventDate "2023.12.14"]
[EventType "swiss (rapid)"]
[EventRounds "11"]
[EventCountry "CRO"]
[SourceTitle "CB51_2023"]
[SourceDate "2023.12.20"]
[SourceVersion "1"]
[SourceVersionDate "2023.12.20"]
[SourceQuality "1"]

1. e4 e6 2. d4 d5 3. Nd2 Nf6 4. e5 Nfd7 5. f4 c5 6. c3 Nc6 7. Ndf3 a5 8. Bd3 cxd4 9. cxd4 a4 10. a3 Nb6 11. Ne2 g6 12. 0-0 Na5 13. Bd2 Nb3 14. Rb1 Nc4 15. Bxc4 dxc4 16. Be1 Bd7 17. Bh4 Be7 18. Bxe7 Qxe7 19. Nd2 Nxd2 20. Qxd2 Bc6 21. Nc3 b5 22. Rbd1 Rd8 23. d5 Bxd5 24. Nxb5 Qc5+ 25. Nd4 0-0 26. Qe3 Rb8 27. Rf2 Rfc8 28. Rc1 Rb3 29. Rc3 Rxc3 30. Qxc3 Be4 31. h4 Bd3 32. Nf3 Qe3 33. Qd2 Qxd2 34. Rxd2 c3 35. bxc3 Rxc3 36. Ra2 Bc4 37. Ra1 Bd5 38. Kf2 h6 39. Nd4 Rd3 40. Nb5 Rd2+ 41. Ke3 Rxg2 42. Rc1 Rg3+ 43. Ke2 g5 44. fxg5 hxg5 45. h5 Rh3 46. Nd6 Bf3+ 47. Kd2 Bxh5 48. Ne4 Bg6 49. Nf6+ Kg7 50. Rc8 Bh7 51. Rc7 Bb1 52. Rc8 Kg6 53. Kc1 Ba2 54. Ne4 Kf5 55. Nd6+ Kxe5 56. Nxf7+ Kf6 57. Nd6 Bd5 58. Rg8 Rxa3 59. Ne8+ Kf7 60. Rh8 Rc3+ 61. Kd2 Rc6 0-1

[Event "Wch U20 Rapid"]
[Site "Pula"]
[Date "2023.10.12"]
[Round "9"]
[White "Sahidi, Samir"]
[Black "Pasti, Aron"]
[Result "1-0"]
[WhiteElo "2476"]
[BlackElo "2394"]
[PlyCount "79"]
[EventDate "2023.10.10"]
[EventType "swiss (rapid)"]
[EventRounds "11"]
[EventCountry "ITA"]
[SourceTitle "Mega2024 Update 01"]
[Source "Chessbase"]
[SourceDate "2023.11.12"]
[SourceVersion "1"]
[SourceVersionDate "2023.11.12"]
[SourceQuality "1"]

1. e4 c5 2. Nf3 e6 3. b3 b6 4. Bb2 Bb7 5. Nc3 Nf6 6. e5 Nd5 7. Nxd5 Bxd5 8. Bd3 Nc6 9. Qe2 g6 10. Be4 Bg7 11. h4 Bxe4 12. Qxe4 d5 13. exd6 Bxb2 14. Qxc6+ Kf8 15. Rb1 Bf6 16. h5 g5 17. h6 Rg8 18. g4 Rg6 19. Kf1 Rc8 20. Qb7 Rb8 21. Qxa7 Qxd6 22. Re1 Qf4 23. Rh3 Rd8 24. Qa4 Qxa4 25. bxa4 Ra8 26. Re4 Ke7 27. Ke2 Kd6 28. Rc4 Be7 29. Rh1 Kd5 30. d3 f5 31. Nd2 Bf8 32. Rb1 Ra6 33. a5 bxa5 34. Rb7 Rxh6 35. Rf7 Bd6 36. gxf5 Bf4 37. Ne4 exf5 38. Rxc5+ Ke6 39. Rfxf5 Rh1 40. Rf6+ 1-0

[Event "Wch U20 60th"]
[Site "Mexico City"]
[Date "2023.09.30"]
[Round "10"]
[White "Domalchuk Jonasson, Aleksandr"]
[Black "Sahidi, Samir"]
[Result "1/2-1/2"]
[WhiteElo "2407"]
[BlackElo "2476"]
[PlyCount "104"]
[EventDate "2023.09.21"]
[EventType "swiss"]
[EventRounds "11"]
[EventCountry "MEX"]
[SourceTitle "EXT 2024"]
[Source "ChessBase"]
[SourceDate "2023.10.10"]
[SourceVersion "1"]
[SourceVersionDate "2023.10.10"]
[SourceQuality "1"]

1. d4 Nf6 2. c4 e6 3. Nc3 d5 4. cxd5 exd5 5. Bg5 c6 6. e3 Be7 7. Bd3 0-0 8. Qc2 h6 9. Bh4 Re8 10. Nge2 Nbd7 11. 0-0 Ne4 12. Bxe7 Qxe7 13. Rae1 Ndf6 14. f3 Nxc3 15. Nxc3 Be6 16. a3 b6 17. e4 dxe4 18. fxe4 Rad8 19. e5 Nd7 20. Qf2 Rf8 21. Re3 f6 22. Qh4 Rfe8 23. Rg3 Kh8 24. Qe4 Bg8 25. exf6 Nxf6 26. Qxc6 Rxd4 27. Qf3 Qe5 28. Bg6 Red8 29. Qe3 Qxe3+ 30. Rxe3 Rd2 31. b4 Bh7 32. Bxh7 Kxh7 33. h3 Rb2 34. Ne4 Nxe4 35. Rxe4 Rb3 36. a4 Ra3 37. b5 Rd7 38. Kh2 Rad3 39. Rff4 Rd2 40. h4 Ra2 41. Rg4 Rf2 42. Kg1 Rf5 43. Kh2 h5 44. Rg3 Rfd5 45. Rge3 Kg6 46. Kg3 Rd4 47. Re6+ Kf7 48. R6e4 Rxe4 49. Rxe4 Kf6 50. Kf4 Rd2 51. g4 hxg4 52. Kxg4 Rc2 1/2-1/2

[Event "Skalica op-A"]
[Site "Skalica"]
[Date "2023.08.19"]
[Round "1"]
[White "Borsos, Bogdan"]
[Black "Sahidi, Samir"]
[Result "1/2-1/2"]
[WhiteElo "2130"]
[BlackElo "2497"]
[PlyCount "119"]
[EventDate "2023.08.19"]
[EventType "swiss"]
[EventRounds "9"]
[EventCountry "SVK"]
[SourceTitle "CBM 215 Extra"]
[Source "ChessBase"]
[SourceDate "2023.09.30"]
[SourceVersion "1"]
[SourceVersionDate "2023.09.30"]
[SourceQuality "1"]

1. e4 e5 2. Nf3 Nc6 3. Bb5 a6 4. Ba4 Nf6 5. 0-0 Nxe4 6. d4 b5 7. Bb3 d5 8. dxe5 Be6 9. Nbd2 Nc5 10. c3 Be7 11. Bc2 0-0 12. Nb3 Nxb3 13. Bxb3 g6 14. Bh6 Re8 15. Qd3 Qd7 16. Rfe1 Na5 17. Bd1 c5 18. Ng5 Rad8 19. Nxe6 fxe6 20. Bg4 Rb8 21. Rad1 Bf8 22. Bg5 Nc6 23. h4 Bg7 24. Qg3 h5 25. Bh3 Kh7 26. Bf6 Rf8 27. Qe3 c4 28. g4 hxg4 29. Bxg4 Qf7 30. Bxg7 Kxg7 31. Qg3 Rbe8 32. Re3 Qf4 33. Rde1 Qxg3+ 34. Rxg3 Kh6 35. Kg2 Rf4 36. h5 g5 37. f3 d4 38. cxd4 Rxd4 39. Re2 Nb4 40. Kh2 Nxa2 41. Reg2 Nb4 42. Bh3 Rg8 43. Bxe6 Rg7 44. Rg4 Rxg4 45. Bxg4 Re7 46. e6 Nd3 47. Re2 a5 48. Bf5 b4 49. Kg3 a4 50. Rd2 b3 51. Bxd3 cxd3 52. Rxd3 Rxe6 53. Rd4 Re2 54. Rxa4 Rxb2 55. Rb4 Rb1 56. Rb5 Kxh5 57. f4 b2 58. Kg2 Kg6 59. fxg5 Kh5 60. Kh2 1/2-1/2

[Event "Piestany op-A"]
[Site "Piestany"]
[Date "2023.07.18"]
[Round "8"]
[White "Sahidi, Samir"]
[Black "Audi, Ameya"]
[Result "1/2-1/2"]
[WhiteElo "2510"]
[BlackElo "2391"]
[PlyCount "65"]
[EventDate "2023.07.11"]
[EventType "swiss"]
[EventRounds "9"]
[EventCountry "SVK"]
[SourceTitle "EXT 2024"]
[Source "ChessBase"]
[SourceDate "2023.10.10"]
[SourceVersion "1"]
[SourceVersionDate "2023.10.10"]
[SourceQuality "1"]

1. e4 e5 2. Nf3 Nc6 3. Bb5 a6 4. Ba4 Nf6 5. 0-0 Nxe4 6. d4 b5 7. Bb3 d5 8. dxe5 Be6 9. c3 Be7 10. Nbd2 Nc5 11. Bc2 d4 12. Nb3 d3 13. Bb1 Nxb3 14. axb3 Bf5 15. Be3 0-0 16. Nd4 Nxd4 17. cxd4 c5 18. Bxd3 cxd4 19. Bxf5 dxe3 20. fxe3 Qb6 21. Rf3 Rad8 22. Qc2 g6 23. Bh3 Bg5 24. Qe4 Rfe8 25. Rg3 Bf6 26. e6 fxe6 27. Rf1 Bxb2 28. Rxg6+ hxg6 29. Qxg6+ Bg7 30. Qf7+ Kh8 31. Qh5+ Kg8 32. Qf7+ Kh8 33. Qh5+ 1/2-1/2

[Event "Piestany op-A"]
[Site "Piestany"]
[Date "2023.07.13"]
[Round "3"]
[White "Balint, Peter1111"]
[Black "Sahidi, Samir"]
[Result "0-1"]
[WhiteElo "2233"]
[BlackElo "2510"]
[PlyCount "80"]
[EventDate "2023.07.11"]
[EventType "swiss"]
[EventRounds "9"]
[EventCountry "SVK"]
[SourceTitle "EXT 2024"]
[Source "ChessBase"]
[SourceDate "2023.10.10"]
[SourceVersion "1"]
[SourceVersionDate "2023.10.10"]
[SourceQuality "1"]

1. e4 e5 2. Nf3 Nc6 3. Bb5 a6 4. Ba4 Nf6 5. 0-0 b5 6. Bb3 Bc5 7. Nxe5 Nxe5 8. d4 Bxd4 9. Qxd4 d6 10. c3 0-0 11. Bf4 Re8 12. f3 Be6 13. Bc2 c5 14. Qf2 Qe7 15. Nd2 Rad8 16. Rfe1 Nfd7 17. a4 b4 18. a5 b3 19. Nxb3 Bxb3 20. Bxb3 Nd3 21. Qd2 Nxe1 22. Rxe1 Nf6 23. Rd1 Qc7 24. Bxd6 Qxa5 25. Qf4 Qb5 26. Bc2 Qxb2 27. Ba4 Re6 28. e5 Ne8 29. Bxe8 Rdxe8 30. Qc4 Rg6 31. g3 Rh6 32. h4 Qc2 33. Qd5 Qxc3 34. Bxc5 Rg6 35. g4 h5 36. g5 Qxe5 37. Qxe5 Rxe5 38. Bd6 Re2 39. f4 Rge6 40. Be5 Rc6 0-1